El descubrimiento del Norte Argentino (Record no. 91381)

MARC details
000 -LEADER
campo de control de longitud fija 00790nam a2200205 i 4500
001 - NÚMERO DE CONTROL
campo de control 91381
003 - IDENTIFICADOR DE NÚMERO DE CONTROL
campo de control ES-MaACL
005 - FECHA Y HORA DE LA ÚLTIMA TRANSACCIÓN
campo de control 20250904063053.0
007 - CAMPO FIJO DE DESCRIPCIÓN FÍSICA--INFORMACIÓN GENERAL
campo de control de longitud fija t|
008 - DATOS DE LONGITUD FIJA--INFORMACIÓN GENERAL
campo de control de longitud fija 050128s1925 pe ||||1| spa d
100 1# - ENTRADA PRINCIPAL--NOMBRE DE PERSONA
Nombre de persona Levillier, Roberto,
Fechas asociadas al nombre 1886-1969
9 (RLIN) 71965
245 13 - MENCIÓN DEL TÍTULO
Título El descubrimiento del Norte Argentino
Resto del título : la expedición de Diego de Rojas del Cuzco al Tucumán y al Río de la Plata 1543-1546 /
Mención de responsabilidad, etc. Roberto Levillier.
260 ## - PUBLICACIÓN, DISTRIBUCIÓN, ETC.
Lugar de publicación, distribución, etc. Lima :
Nombre del editor, distribuidor, etc. Rosay,
Fecha de publicación, distribución, etc. 1925.
300 ## - DESCRIPCIÓN FÍSICA
Extensión 69 p. ;
Dimensiones 26 cm.
500 ## - NOTA GENERAL
Nota general Es tirada aparte del Capítulo IIIº de la "Nueva Crónica de la Conquista de Tucuman"
651 #4 - PUNTO DE ACCESO ADICIONAL DE MATERIA--NOMBRE GEOGRÁFICO
Nombre geográfico Tucumán (Gobernación)-
Subdivisión general Historia.
9 (RLIN) 151017
651 #4 - PUNTO DE ACCESO ADICIONAL DE MATERIA--NOMBRE GEOGRÁFICO
Nombre geográfico Río de la Plata (Virreinato)-
Subdivisión de forma Historia.
9 (RLIN) 137351
852 ## - LOCALIZACIÓN
Ubicación ES-MaACL
Número de control de estantería F-11304
Holdings
Estatus retirado Estado de pérdida Estado de daño No para préstamo Biblioteca de origen Biblioteca actual Ubicación en estantería Fecha de adquisición Fuente de adquisición Total de préstamos Signatura topográfica completa Código de barras Visto por última vez Precio de reemplazo Tipo de ítem Koha
        Biblioteca del Ateneo de Madrid Biblioteca del Ateneo de Madrid Sala Pecera Planta 2 17/01/2008     F-11304 1095405 23/02/2023 23/02/2023 Libro impreso